La caja de las coplas /

Guardado en:
Autor Principal: Andricain, Sergio
Otros Autores: Vallejo, Esperanza
Formato: Libro
Publicado: Buenos Aires : Panamericana, 2013
Materias:
Etiquetas: Agregar Etiqueta
Sin Etiquetas, Sea el primero en etiquetar este registro!
LEADER 00949nam a22002775a 4500
001 CEM.cems015385
008 130507s2013##################000#0#####d
005 20240325145727.0
245 1 0 |a La caja de las coplas /  |c Sergio Andricain ; ilustrado Por Esperanza Vallejo 
260 |a Buenos Aires :  |b Panamericana,  |c 2013 
300 |a 44 p. 
020 |a 9789871609420 
100 1 |a Andricain, Sergio 
700 1 |a Vallejo, Esperanza 
082 0 4 |a Cu868.4 
653 |a Literatura 
653 |a Literatura cubana 
653 |a Literatura infantil 
653 |a Cuentos infantiles 
653 |a Poesía 
653 |a Poesía infantil 
653 |a Coplas 
653 |a Colección ciencias de la educación 
859 |a CEMS  |b BIB. CEMS - Ccias. Educacion  |h Cu868.4  |i An28-1  |k CE  |p 28755.19  |t Ej.1 
859 |a CEMS  |b BIB. CEMS - Inicial y Primaria  |h Cu861.4  |i An28  |k IP  |p 3867  |t Ej.1 
859 |a CEMS  |b BIB. CEMS - Ccias. Educacion  |h Cu868.4  |i An28-1  |k CE  |p 28756.19  |t Ej.2